Poníci od stříbrné řeky. Tajemná hrozba /
Další příběh jedenáctileté Poppy, která se vydává na pátrání po záhadném majiteli nebezpečného psa.
Uloženo v:
| Série: | Poníci od stříbrné řeky,
část 8 |
|---|---|
| Hlavní autor: | |
| Další autoři: | |
| Médium: | E-kniha |
| Jazyk: | Czech |
| Vydáno: |
V Praze :
Fragment,
2025
|
| Vydání: | 1. vydání |
| Témata: | |
| Příbuzné jednotky: | Z cyklu::
Poníci od stříbrné řeky |
| Tagy: |
Žádné tagy |
| LEADER | 02564nam a2200493 i 4500 | ||
|---|---|---|---|
| 001 | 312720 | ||
| 003 | CZ PrSKC | ||
| 005 | 20260601215727.0 | ||
| 007 | ta | ||
| 008 | 250430s2025 xr c 000 f cze | ||
| 015 | |a cnb003683440 | ||
| 020 | |a 9788025372623 |q (vázáno) : |c Kč 269,00 | ||
| 035 | |a (OCoLC)1527577184 | ||
| 040 | |a ABG001 |b cze |d OLA001 |d ABA001 |e rda | ||
| 041 | 1 | |a cze |h eng | |
| 072 | 7 | |a 821.111-3 |x Anglická próza, anglicky psaná |2 Konspekt | |
| 072 | 7 | |a 821-93 |x Literatura pro děti a mládež (beletrie) |2 Konspekt | |
| 080 | |a 821.111-31 |2 MRF | ||
| 080 | |a 821-93 |2 MRF | ||
| 080 | |a (0:82-31) |2 MRF | ||
| 100 | 1 | |a Wills, Amanda |7 xx0240945 |4 aut | |
| 240 | 1 | 0 | |a Mystery of riverdale tor. |l Česky |
| 245 | 1 | 0 | |a Poníci od stříbrné řeky. |p Tajemná hrozba / |c Amanda Willsová ; z anglického originálu The mystery of riverdale tor ... přeložila Romana Neumanová |
| 246 | 3 | 0 | |a Tajemná hrozba |
| 250 | |a 1. vydání | ||
| 264 | 1 | |a V Praze : |b Fragment, |c 2025 | |
| 300 | |a 196 stran ; |c 20 cm | ||
| 336 | |a text |b txt |2 rdacontent | ||
| 337 | |a bez média |b n |2 rdamedia | ||
| 338 | |a svazek |b nc |2 rdacarrier | ||
| 520 | 2 | |a Další příběh jedenáctileté Poppy, která se vydává na pátrání po záhadném majiteli nebezpečného psa. |b Poppy je zdrcena. Ovce na farmě její nejlepší kamarádky Scarlet napadl velký zuřivý pes a ona tomu nedokázala zabránit. Rozhodne se proto vypátrat, komu tajemné zvíře, které terorizuje vřesoviště, patří. Jenže kde na to vzít čas, když se teď se svým milovaným poníkem připravují na náročnou jezdeckou soutěž? Nakladatelská anotace. Kráceno. | |
| 521 | 8 | |a Pro čtenáře od 11 let | |
| 655 | 7 | |a anglické romány |7 fd131814 |2 czenas | |
| 655 | 7 | |a publikace pro děti |7 fd133156 |2 czenas | |
| 655 | 9 | |a English fiction |2 eczenas | |
| 655 | 9 | |a children's literature |2 eczenas | |
| 700 | 1 | |a Neumanová, Romana, |d 1967- |7 ola2003193804 |4 trl | |
| 787 | 0 | 8 | |i Z cyklu: |t Poníci od stříbrné řeky |g 8 |
| 900 | |a ABA001 |b 21 | ||
| 928 | 9 | |a Albatros Media - Fragment | |
| 044 | |a xr | ||
| 910 | |a RBIT002 | ||
| 998 | |d 420317 |a https://core.palmknihy.cz/api/books/420317/cover?svxtwt |b https://core.palmknihy.cz/api/books/420317/cover/400?svxtwt |c https://core.palmknihy.cz/api/books/420317/cover/50?svxtwt |e 2031-06-20 |g 200 |i 9788025372623 |j https://core.palmknihy.cz/api/books/420317/preview.epub |k https://core.palmknihy.cz/api/books/420317/preview.pdf |l |q 49 |r 1 |s https://www.palmknihy.cz/kniha/420317 |t ebook |y 2025 |z 0 |v Poníci od stříbrné řeky |w 8 | ||
| 999 | |d 312718 | ||